| 000 | 01547nam a2200265Ia 4500 | ||
|---|---|---|---|
| 999 |
_c50326 _d50326 |
||
| 001 | 17267 | ||
| 003 | GE_BSU | ||
| 005 | 20200210114707.0 | ||
| 008 | 181216s2013ge xx |||||||||||||| ||geo|| | ||
| 020 | _a 9789941059483 | ||
| 040 | _cGE_BSU | ||
| 041 | _ageo | ||
| 080 | _a1+34 გ-82 | ||
| 100 |
_aფოთისა და ხობის მიტროპოლიტი გრიგოლი (ბერბიჭაშვილი) _96928 |
||
| 245 |
_aადამიანის უფლებათა ფილოსოფიის რამდენიმე აქტუალური პრობლემის შესახებ = About some actual problems of the philosophy of human rights / _cგრიგოლი (ბერბიჭაშვილი) ; სამეცნ. რედ. თენგიზ ირემაძე. |
||
| 264 |
_aთბილისი : _bფავორიტი პრინტი, _c2013. |
||
| 300 |
_a32 გვ; _c14 სმ. |
||
| 504 | _a ბიბლიოგრ.: გვ. 27-28. | ||
| 520 | _a რეზ. რუს. | ||
| 546 | _aთავფურ. ქართ. და ინგლ. | ||
| 653 | _aადამიანის უფლებათა ფილოსოფიის რამდენიმე აქტუალური პრობლემის შესახებ | ||
| 653 | _aფილოსოფია | ||
| 700 |
_aირემაძე, თენგიზ _eსამეცნიერო რედაქტორი _92229 |
||
| 942 |
_cBK _2udc |
||